Arcs one pièce mort subite - Statistiques

Statistiques générales
  • Ce quiz a été pris 275 fois
  • Le résultat moyen est 13 sur 14
Answers on the Grid
Answers color-coded by a green-red scale on the quiz's grid according to % correct below.
Water seven
Shanks
Romance dawn
Wano kuni
Grande guerre ninja
Marine ford
Tournoi des éléments
Elbaf
Thriller bark
Drum island
Skybound
Enies lobby
Roronoa zoro
Gotham
Skypiea
Arlong park
5 doyens
Infinity war
Dressrosa
Baratie
Sayan
Whisky peak
Shameless
Nico robin
Impel down
Malcolm
Teach
 
Statistiques - réponses
Réponse % Correct
Water seven
92%
Arlong park
91%
Dressrosa
91%
Enies lobby
91%
Impel down
91%
Marine ford
91%
Skypiea
91%
Thriller bark
91%
Elbaf
90%
Baratie
89%
Drum island
89%
Wano kuni
89%
Whisky peak
86%
Romance dawn
82%
Aucun quiz correspondant
Distribution des résultats
% des personnes avec chaque résultat
Percentile par nombre de réponses
Votre historique - résultats
Vous n’avez pas pris ce quiz